| 000 | 00415cam a2200181ua 4500 | ||
|---|---|---|---|
| 020 | _c7.00 | ||
| 041 |
_amal _h |
||
| 082 |
_a894.812308 _bKHA/SW |
||
| 100 | _aKhatri, D P . | ||
| 245 |
_aSwargapuri / _cD P Khatri. _hTextual Documents |
||
| 250 |
_a1 / _b. |
||
| 260 |
_aCalicut : _bDeshabhimani , _c1967. |
||
| 300 | _a524 ; . | ||
| 365 | _a7.00 | ||
| 504 | _a | ||
| 942 | _cBK | ||
| 999 |
_c12885 _d12885 |
||